Comentario sobre la ciencia de la legislación de Filangieri
Сохранить в:
| Главный автор: | |
|---|---|
| Формат: | |
| Язык: | испанский |
| Опубликовано: |
París
F. Rosa
1825
|
| Предметы: | |
| Метки: |
Добавить метку
Нет меток, Требуется 1-ая метка записи!
|
MARC
| LEADER | 00000nam a2200000 a 4500 | ||
|---|---|---|---|
| 001 | UCR4146 | ||
| 003 | CL-VaPUC | ||
| 008 | 980307e18250000FR |||||||||||||||||spa|d | ||
| 082 | 0 | 4 | |a 340.1 |b CON |2 21 |
| 100 | 0 | |a Constant, M. B |e author |9 403825 | |
| 245 | 1 | 0 | |a Comentario sobre la ciencia de la legislación de Filangieri |
| 300 | |a t | ||
| 942 | |c BK | ||
| 945 | |d 19980307 00:00:00 |a cmena | ||
| 260 | |a París |b F. Rosa |c 1825 | ||
| 650 | 0 | |a Ciencias del derecho |9 380726 | |
| 650 | 0 | |a Dogmática jurídica |9 337910 | |
| 650 | 0 | |a Teoría del derecho |9 255982 | |
| 650 | 0 | |a Derecho natural |9 255041 | |
| 650 | 0 | |a Libertad |9 255686 | |
| 650 | 0 | |a Derecho constitucional |9 222588 | |
| 583 | |a last modification |c 19980307 00:00:00 |k Rodrigo Vera | ||
| 999 | |c 267097 |d 267095 | ||
| 952 | |0 0 |1 0 |4 0 |6 340_100000000000000_CON_1825 |7 0 |8 X |9 299263 |a BIBDER |b BIBDER |d 2019-11-20 |h t.1 |i 1957880 |o 340.1 CON 1825 |p 1957880 |r 2023-01-25 |w 2019-11-20 |y BK_X |k DER | ||
| 952 | |0 0 |1 0 |4 0 |6 340_100000000000000_CON_1825 |7 0 |8 X |9 299264 |a BIBDER |b BIBDER |d 2019-11-20 |h t.1 |i 1957899 |o 340.1 CON 1825 |p 1957899 |r 2023-01-25 |w 2019-11-20 |y BK_X |k DER | ||